भारतीय कहवत संग्रह भाग 3 (Record no. 370122)
[ view plain ]
| 000 -LEADER | |
|---|---|
| fixed length control field | 02455 a2200145 4500 |
| 003 - CONTROL NUMBER IDENTIFIER | |
| control field | OSt |
| 005 - DATE AND TIME OF LATEST TRANSACTION | |
| control field | 20260205165052.0 |
| 008 - FIXED-LENGTH DATA ELEMENTS--GENERAL INFORMATION | |
| fixed length control field | 260205b |||||||| |||| 00| 0 eng d |
| 100 ## - MAIN ENTRY--PERSONAL NAME | |
| Personal name | नरवणे वि. |
| 9 (RLIN) | 216528 |
| 245 ## - TITLE STATEMENT | |
| Title | भारतीय कहवत संग्रह भाग 3 |
| 260 ## - PUBLICATION, DISTRIBUTION, ETC. (IMPRINT) | |
| Name of publisher, distributor, etc. | भारतीय विचार साधना प्रकाशन |
| Date of publication, distribution, etc. | 1978 |
| Place of publication, distribution, etc. | पुणे |
| 300 ## - PHYSICAL DESCRIPTION | |
| Extent | 788PP. |
| 520 ## - SUMMARY, ETC. | |
| Summary, etc. | 'भारतीय कहावत संग्रह भाग-2' (Proverbs Of India) भारतीय भाषाओं की जीवंत और पारंपरिक लोकोक्तियों का एक विशाल संकलन है। इसमें विभिन्न भारतीय बोलियों और भाषाओं की कहावतों को हिंदी में अर्थ और संदर्भ के साथ सहेजा गया है। यह पुस्तक भारतीय सांस्कृतिक विरासत को समझने के लिए एक महत्वपूर्ण शब्दकोश है। <br/>भारतीय कहावत संग्रह भाग-2 की मुख्य विशेषताएँ:<br/>संकलनकर्ता: विश्वनाथ दिनकर नरवणे (Vishwanath Dinakar Naravane).<br/>प्रकाशक: भारतीय विचार साधना.<br/>सामग्री: इसमें विभिन्न भारतीय भाषाओं की कहावतें, उनके अर्थ और संदर्भ शामिल हैं।<br/>पृष्ठ संख्या: लगभग 792 पृष्ठ (हार्ड कवर).<br/>उपयोगिता: भाषाविदों, शोधकर्ताओं और सांस्कृतिक प्रेमियों के लिए एक उत्कृष्ट संदर्भ पुस्तक है। <br/>BookGanga<br/> +2<br/>यह पुस्तक ग्रामीण और क्षेत्रीय संस्कृति में प्रचलित अनमोल कहावतों को संरक्षित करने का प्रयास करती है, जो समय के साथ लुप्त होती जा रही हैं। |
| 942 ## - ADDED ENTRY ELEMENTS (KOHA) | |
| Koha item type | Books |
| Source of classification or shelving scheme | Dewey Decimal Classification |
| Withdrawn status | Lost status | Source of classification or shelving scheme | Damaged status | Not for loan | Collection code | Home library | Current library | Date acquired | Vendor | Cost, normal purchase price | Total Checkouts | Barcode | Date last seen | Cost, replacement price | Bill Date | Koha item type | Original Barcode |
|---|---|---|---|---|---|---|---|---|---|---|---|---|---|---|---|---|---|
| Dewey Decimal Classification | MCA | MKSSS s K.B. Joshi Institute of Information Technology Library | MKSSS s K.B. Joshi Institute of Information Technology Library | 02/02/2026 | 188 | 280.00 | KBJP-BK-2970 | 02/02/2026 | 400.00 | 02/02/2026 | Books | 2970 |